[Event "Open Ricany 2006"]
[Site "?"]
[Date "????.??.??"]
[Round "2.19"]
[White "Moravec, Vit"]
[Black "Hrubant, Ivan"]
[Result "1/2-1/2"]
[WhiteElo "1619"]
[BlackElo "2133"]
[PlyCount "42"]

1. e4 e6 2. d4 d5 3. exd5 exd5 4. c4 Nf6 5. Nc3 Be7 6. Bd3 dxc4 7. Bxc4 O-O 8.
Nge2 Nbd7 9. O-O Nb6 10. Bb3 Bg4 11. f3 Bf5 12. Be3 Nbd5 13. Bf2 c6 14. a3 Re8
15. Re1 Qa5 16. Nxd5 Nxd5 17. Ng3 Bg6 18. Ne4 Rad8 19. Nc5 Bxc5 20. Rxe8+ Rxe8
21. dxc5 Nf6 1/2-1/2

[Event "Open Ricany 2006"]
[Site "?"]
[Date "????.??.??"]
[Round "2.10"]
[White "Macku, Emil"]
[Black "Horak, Vladimir"]
[Result "1/2-1/2"]
[WhiteElo "1886"]
[BlackElo "2107"]
[PlyCount "46"]

1. e4 e6 2. d4 d5 3. Nd2 dxe4 4. Nxe4 Bd7 5. Nf3 Bc6 6. Bd3 Nd7 7. O-O Ngf6 8.
Nxf6+ Nxf6 9. Bf4 Bxf3 10. Qxf3 c6 11. c3 Qd5 12. Qe2 Be7 13. Rfe1 O-O 14. Be5
g6 15. g4 Qd8 16. h4 Nd7 17. h5 Nxe5 18. dxe5 Qb6 19. Kg2 Rad8 20. Rad1 Rd5 21.
Be4 Rxd1 22. Rxd1 Rd8 23. Rxd8+ Qxd8 1/2-1/2

[Event "Open Ricany 2006"]
[Site "?"]
[Date "????.??.??"]
[Round "2.21"]
[White "Vanek, Marian"]
[Black "Vavrinec, Tomas"]
[Result "0-1"]
[WhiteElo "1843"]
[BlackElo "2093"]
[PlyCount "58"]

1. e4 e6 2. d4 d5 3. Nc3 dxe4 4. Nxe4 Nd7 5. Nf3 Be7 6. Bd3 Ngf6 7. Nxf6+ Nxf6
8. O-O O-O 9. Qe2 b6 10. Rd1 Bb7 11. c4 Re8 12. Ne5 Qc8 13. Bg5 Rf8 14. Rac1 c5
15. dxc5 Qxc5 16. Bxf6 Bxf6 17. Nd7 Qg5 18. f4 Qxf4 19. Nxf8 Rxf8 20. Rf1 Qd4+
21. Kh1 Qxb2 22. Qxb2 Bxb2 23. Rb1 Bd4 24. Rfc1 Rc8 25. Rd1 e5 26. h4 g6 27. h5
Kg7 28. hxg6 hxg6 29. Kh2 Bf2 0-1

[Event "Open Ricany 2006"]
[Site "?"]
[Date "????.??.??"]
[Round "2.13"]
[White "Pliva, Vojtech"]
[Black "Sochorova, Jana"]
[Result "1/2-1/2"]
[WhiteElo "2150"]
[BlackElo "1761"]
[PlyCount "63"]

1. Nf3 Nf6 2. d4 e6 3. c4 b6 4. g3 Bb7 5. Bg2 c5 6. d5 exd5 7. Nh4 d6 8. O-O g6
9. Nc3 Bg7 10. Bg5 Qc8 11. cxd5 O-O 12. Qd2 a6 13. a4 Qe8 14. e4 b5 15. axb5
axb5 16. Rxa8 Bxa8 17. Ra1 b4 18. Bxf6 Bxf6 19. Rxa8 bxc3 20. bxc3 Bxh4 21.
gxh4 Qe7 22. Qb2 Qc7 23. c4 Nd7 24. Rxf8+ Nxf8 25. Qf6 Qb6 26. Qe7 Qa6 27. Bf1
Kg7 28. Kg2 Qc8 29. Be2 Qd7 30. Qxd7 Nxd7 31. f4 f6 32. Kg3 1/2-1/2

[Event "Open Ricany 2006"]
[Site "?"]
[Date "????.??.??"]
[Round "2.12"]
[White "Prochazka, Petr"]
[Black "Blumel, Otto"]
[Result "1-0"]
[WhiteElo "2011"]
[BlackElo "2262"]
[PlyCount "35"]

1. e4 c5 2. Nf3 Nf6 3. Nc3 Nc6 4. d4 d5 5. exd5 Nxd5 6. Bb5 Nxc3 7. bxc3 cxd4
8. O-O Bd7 9. cxd4 Qa5 10. c4 a6 11. Bxc6 Bxc6 12. d5 Bd7 13. Ne5 Bf5 14. Qf3
Bg6 15. Qh3 Rd8 16. Nxg6 fxg6 17. Ba3 g5 18. Rfe1 1-0

[Event "Open Ricany 2006"]
[Site "?"]
[Date "????.??.??"]
[Round "2.14"]
[White "Lizner, Milan"]
[Black "Drahorad, Daniel"]
[Result "1/2-1/2"]
[WhiteElo "2125"]
[BlackElo "1985"]
[PlyCount "47"]

1. e4 e6 2. d4 d5 3. e5 c5 4. c3 Qb6 5. Nf3 Bd7 6. a3 Bb5 7. c4 Bxc4 8. Bxc4
dxc4 9. d5 Qb3 10. Qxb3 cxb3 11. dxe6 fxe6 12. Nbd2 Nc6 13. Nxb3 O-O-O 14. Bf4
h6 15. O-O g5 16. Bg3 b6 17. Rad1 Be7 18. Rxd8+ Nxd8 19. Nbd2 h5 20. h3 Nh6 21.
Ne4 Ndf7 22. Nd6+ Kd7 23. Rd1 Kc6 24. Ne4 1/2-1/2

[Event "Open Ricany 2006"]
[Site "?"]
[Date "????.??.??"]
[Round "2.20"]
[White "Sharashenidze, Akaki"]
[Black "Vorackova, Jarmila"]
[Result "1-0"]
[WhiteElo "2271"]
[BlackElo "1908"]
[PlyCount "75"]

1. Nf3 Nf6 2. g3 g6 3. Bg2 Bg7 4. O-O O-O 5. c4 c6 6. Nc3 d6 7. d3 Nbd7 8. Rb1
a5 9. a3 Ne8 10. Qc2 f5 11. b4 Qc7 12. Bd2 Nef6 13. b5 c5 14. Na4 Nb6 15. Nxb6
Qxb6 16. Bc3 Bd7 17. Nd2 e6 18. a4 Ng4 19. Bxg7 Kxg7 20. Qc3+ Kg8 21. h3 Nf6
22. e4 Be8 23. Rbe1 e5 24. exf5 gxf5 25. f4 exf4 26. Rxf4 Nh5 27. Bd5+ Bf7 28.
Rxf5 Bxd5 29. Rxh5 Bf7 30. Re7 Rfe8 31. Rg5+ Kf8 32. Rxf7+ Kxf7 33. Qg7+ Ke6
34. Rh5 Re7 35. Qg4+ Kf7 36. Rxh7+ Ke8 37. Rh8+ Kf7 38. Qf5+ 1-0

[Event "Open Ricany 2006"]
[Site "?"]
[Date "????.??.??"]
[Round "2.26"]
[White "Maly, Filip"]
[Black "Vokolek, Jaroslav"]
[Result "1/2-1/2"]
[WhiteElo "1987"]
[BlackElo "1734"]
[PlyCount "58"]

1. e4 d5 2. exd5 Qxd5 3. Nc3 Qd6 4. Nf3 Nf6 5. h3 a6 6. b3 g6 7. Bb2 Bg7 8. Ne2
Nc6 9. Ng3 O-O 10. Be2 b6 11. O-O Bb7 12. d3 Rfd8 13. Qd2 Rac8 14. Rad1 Nd5 15.
Bxg7 Kxg7 16. Ne4 Qf4 17. Qe1 Ne5 18. c4 Nxf3+ 19. Bxf3 Nf6 20. Qc3 Bxe4 21.
Bxe4 a5 22. Rfe1 c5 23. Re3 Rd4 24. Rde1 Rcd8 25. g3 Qd6 26. Rd1 Kg8 27. Bg2 e6
28. a3 Nd7 29. Rde1 Nb8 1/2-1/2

[Event "Open Ricany 2006"]
[Site "?"]
[Date "????.??.??"]
[Round "2.25"]
[White "Adamik, Frantisek"]
[Black "Nepustil, Frantisek"]
[Result "1-0"]
[WhiteElo "1868"]
[BlackElo "1995"]
[PlyCount "75"]

1. c4 g6 2. Nc3 Bg7 3. e4 d6 4. d4 Nf6 5. f3 Nbd7 6. Nge2 e5 7. d5 a5 8. g4 Nc5
9. Ng3 h5 10. g5 Nh7 11. h4 Bd7 12. Be3 Qe7 13. Bh3 Bxh3 14. Rxh3 Nf8 15. Nb5
Qd7 16. Rh2 b6 17. Qc2 Nh7 18. O-O-O f6 19. Ne2 fxg5 20. hxg5 Qe7 21. Rg1 Kd7
22. f4 exf4 23. Bxc5 bxc5 24. Nxf4 Nf8 25. Re2 Be5 26. Nd3 Rh7 27. Qa4 Kc8 28.
b4 h4 29. bxc5 dxc5 30. Qa3 Nd7 31. Nf2 Bg3 32. e5 Qxg5+ 33. Kd1 Nxe5 34. Ne4
Qf4 35. Qxc5 Nd7 36. Ned6+ Qxd6 37. Nxd6+ Bxd6 38. Re8+ 1-0

[Event "Open Ricany 2006"]
[Site "?"]
[Date "????.??.??"]
[Round "2.28"]
[White "Svitak, David"]
[Black "Rerabkova, Lucie"]
[Result "0-1"]
[WhiteElo "1751"]
[BlackElo "1976"]
[PlyCount "98"]

1. e4 c5 2. Nf3 Nc6 3. d4 cxd4 4. Nxd4 g6 5. c4 Nf6 6. Nc3 Nxd4 7. Qxd4 d6 8.
Bg5 Bg7 9. Be2 O-O 10. O-O Be6 11. Qd2 Re8 12. Rad1 Qa5 13. Bxf6 Bxf6 14. Nd5
Qxa2 15. Nc7 Qxb2 16. Qxb2 Bxb2 17. Nxe8 Rxe8 18. Rb1 Bd4 19. Rxb7 Bb6 20. Rc1
Kg7 21. e5 dxe5 22. c5 Rc8 23. c6 Bd5 24. Bb5 Kf6 25. Rd7 Be6 26. Rd2 Rc7 27.
Kf1 Bd4 28. Ba4 Bd5 29. Rdc2 Ke6 30. f3 Kd6 31. Ke2 f5 32. Rb1 e4 33. Rb7 Rxb7
34. cxb7 Bxb7 35. Be8 e3 36. Bf7 g5 37. g4 f4 38. Bc4 h6 39. Rc1 a5 40. Bb5 e5
41. Rc4 Bd5 42. Ra4 Bc3 43. Bd3 Kc5 44. h3 Bb3 45. Re4 a4 46. Bb1 a3 47. Kd3
Bd4 48. Ke2 Kc4 49. Ke1 Kc3 0-1

[Event "Open Ricany 2006"]
[Site "?"]
[Date "????.??.??"]
[Round "2.3"]
[White "Srba, Milan"]
[Black "Mazoch, Jiri"]
[Result "1-0"]
[WhiteElo "2203"]
[BlackElo "2090"]
[PlyCount "87"]

1. e4 c5 2. Nf3 d6 3. d4 cxd4 4. Nxd4 Nf6 5. Nc3 a6 6. Bg5 e6 7. f4 b5 8. e5
dxe5 9. fxe5 Qc7 10. Qe2 Nfd7 11. O-O-O Bb4 12. Nd5 exd5 13. e6 Nf6 14. exf7+
Kxf7 15. Bxf6 Qf4+ 16. Kb1 Bg4 17. Nf3 gxf6 18. a3 Bc5 19. Rxd5 Nd7 20. Qd3
Rad8 21. Be2 Kg7 22. Nh4 Ne5 23. Qb3 Bxe2 24. Rxc5 Qxh4 25. Rc7+ Kg6 26. Qe3
Bc4 27. g4 Bd5 28. Rf1 Rd7 29. Rxd7 Nxd7 30. Qd3+ Kg7 31. Qxd5 Ne5 32. Qe6 a5
33. Qe7+ Kg6 34. Rf5 Qe1+ 35. Ka2 Qh4 36. Rxe5 Qxg4 37. Re4 Qf5 38. Re3 Qd5+
39. b3 Qd4 40. Rd3 Qf2 41. Rg3+ Kf5 42. Qd7+ Ke4 43. Qe6+ Kd4 44. Qb6+ 1-0

[Event "Open Ricany 2006"]
[Site "?"]
[Date "????.??.??"]
[Round "2.17"]
[White "Lavrincik, Pavel"]
[Black "Tejkal, Jiri"]
[Result "1/2-1/2"]
[WhiteElo "2000"]
[BlackElo "2014"]
[PlyCount "21"]

1. c4 e5 2. Nc3 Nf6 3. e4 Nc6 4. g3 d6 5. Bg2 Bg4 6. f3 Be6 7. d3 Nd4 8. Nge2
Nxe2 9. Qxe2 Qd7 10. Be3 c5 11. f4 1/2-1/2

[Event "Open Ricany 2006"]
[Site "?"]
[Date "????.??.??"]
[Round "2.16"]
[White "Matejovsky, Ondrej"]
[Black "Buril, Petr"]
[Result "1/2-1/2"]
[WhiteElo "2081"]
[BlackElo "1976"]
[PlyCount "28"]

1. e4 e6 2. d4 d5 3. exd5 exd5 4. Bd3 Bd6 5. Nf3 Nf6 6. O-O O-O 7. Bg5 Bg4 8.
Nbd2 Nbd7 9. c3 c6 10. Qc2 Qc7 11. Rfe1 Rfe8 12. h3 Bh5 13. Nh4 Bf4 14. Bxf6
Nxf6 1/2-1/2

[Event "Open Ricany 2006"]
[Site "?"]
[Date "????.??.??"]
[Round "?.5"]
[White "Boleslav, Petr"]
[Black "Pechacek, Stanislav"]
[Result "1-0"]
[WhiteElo "2044"]
[BlackElo "2142"]
[PlyCount "51"]

1. e4 c5 2. Nc3 Nc6 3. f4 g6 4. Nf3 Bg7 5. Bc4 e6 6. O-O Nge7 7. d3 O-O 8. Qe1
d5 9. Bb3 Nd4 10. Nxd4 cxd4 11. Ne2 dxe4 12. dxe4 d3 13. Nc3 b6 14. cxd3 Qxd3
15. Rf3 Qa6 16. Qh4 Qb7 17. f5 exf5 18. Nd5 Nxd5 19. Bxd5 Qd7 20. Bh6 Bb7 21.
Bxg7 Kxg7 22. Bxb7 Qxb7 23. exf5 f6 24. Rh3 Rh8 25. Qh6+ Kf7 26. Qxh7+ 1-0

[Event "Open Ricany 2006"]
[Site "?"]
[Date "????.??.??"]
[Round "?.24"]
[White "Lexa, Vaclav"]
[Black "Feierfeil, Jiri"]
[Result "1-0"]
[WhiteElo "1927"]
[BlackElo "2013"]
[PlyCount "75"]

1. d4 d5 2. c4 dxc4 3. Nf3 b5 4. a4 c6 5. axb5 cxb5 6. Nc3 Bd7 7. e3 e6 8. Ne5
Bd6 9. Qf3 Bxe5 10. Qxa8 Bc7 11. Qxa7 Bb6 12. Qa3 Ne7 13. Be2 O-O 14. O-O Nd5
15. Nxd5 exd5 16. Qd6 Bc7 17. Qxd5 Qh4 18. f4 g6 19. Qg5 Qxg5 20. fxg5 Bb6 21.
Bf3 b4 22. Bd2 b3 23. Bd5 Bb5 24. Rf2 Nc6 25. Bxc6 Bxc6 26. Rf6 Rc8 27. Ra6
Bxd4 28. exd4 Bd5 29. Ra5 Rd8 30. Rb6 Rd7 31. Bb4 h5 32. Rbb5 Be4 33. Bc3 Rd8
34. Rc5 Bd3 35. Ra7 Be4 36. d5 Kf8 37. d6 Bf5 38. Bf6 1-0

[Event "Open Ricany 2006"]
[Site "?"]
[Date "????.??.??"]
[Round "?.15"]
[White "Skacel, Jan"]
[Black "Pokorny, Jiri"]
[Result "1/2-1/2"]
[WhiteElo "2109"]
[BlackElo "1855"]
[PlyCount "44"]

1. e4 c5 2. Nc3 d6 3. g3 Nc6 4. Bg2 g6 5. d3 Bg7 6. Be3 e6 7. Nge2 Nge7 8. d4
cxd4 9. Nxd4 a6 10. O-O b5 11. Nxc6 Nxc6 12. Qe2 O-O 13. Rad1 Qc7 14. Qd2 Rd8
15. Bh6 Bf6 16. Bg5 Bxg5 17. Qxg5 Bb7 18. Ne2 Rac8 19. c3 Ne5 20. Nf4 Kh8 21.
Qf6+ Kg8 22. Qg5 Kh8 1/2-1/2

[Event "Open Ricany 2006"]
[Site "?"]
[Date "2006.??.??"]
[Round "2.7"]
[White "Ptak, Pavel"]
[Black "Vanecek, Stanislav"]
[Result "0-1"]
[WhiteElo "2125"]
[BlackElo "2005"]
[PlyCount "70"]
[EventDate "2006.??.??"]

1. d4 d6 2. g3 Nf6 3. Bg2 g6 4. e4 Bg7 5. Ne2 O-O 6. O-O e5 7. Nbc3 c6 8. h3
Nbd7 9. Be3 h6 10. Qd2 Kh7 11. Rad1 Qe7 12. d5 c5 13. a4 Ne8 14. Rfe1 f5 15.
exf5 gxf5 16. f4 e4 17. Rb1 Ndf6 18. b4 b6 19. bxc5 bxc5 20. Kh2 Nc7 21. Nc1
Ba6 22. Bf1 Rab8 23. Bxa6 Nxa6 24. N1a2 Nc7 25. Red1 Qf7 26. Bf2 Ncxd5 27. Nxd5
Rxb1 28. Rxb1 Nxd5 29. c4 Nb6 30. Qxd6 Nxc4 31. Qd1 e3 32. Be1 Nd2 33. Ra1 Bxa1
34. Qxa1 Nf3+ 35. Kh1 Nxe1 0-1

[Event "Open Ricany 2006"]
[Site "?"]
[Date "????.??.??"]
[Round "?.8"]
[White "Boucek, Vlastimil"]
[Black "Pospisil, Evzen"]
[Result "0-1"]
[WhiteElo "2033"]
[BlackElo "2125"]
[PlyCount "72"]

1. e4 e6 2. d3 d5 3. Qe2 Be7 4. g3 Nf6 5. c3 b6 6. f3 O-O 7. Nh3 Ba6 8. Qc2
Nbd7 9. d4 Bxf1 10. Kxf1 dxe4 11. fxe4 c5 12. Nf2 Rc8 13. Qd1 Qc7 14. Kg2 Qb7
15. Qf3 cxd4 16. cxd4 Rc2 17. Nc3 Bb4 18. Qd3 Rxf2+ 19. Kxf2 Bxc3 20. bxc3
Nxe4+ 21. Ke3 Nf2 22. Kxf2 Qxh1 23. h4 Nf6 24. Ke2 Qg2+ 25. Kd1 Ne4 26. Qe3
Nxg3 27. a4 Rc8 28. Ra3 Nf5 29. Qd3 Qg4+ 30. Kd2 Qxh4 31. a5 Qh2+ 32. Kd1 Nd6
33. Qa6 Qh1+ 34. Kc2 Qe4+ 35. Kb3 Qc6 36. Kc2 Nb5 0-1

[Event "Open Ricany 2006"]
[Site "?"]
[Date "????.??.??"]
[Round "?.1"]
[White "Koys, Milan"]
[Black "Balhar, Jan"]
[Result "0-1"]
[WhiteElo "2102"]
[BlackElo "2311"]
[PlyCount "44"]

1. e4 c6 2. d4 d5 3. exd5 cxd5 4. c3 Nc6 5. Nf3 Qc7 6. Qb3 e6 7. Bd3 Bd6 8. O-O
Nf6 9. Re1 h6 10. Nbd2 Bd7 11. Nf1 Rb8 12. Ng3 O-O 13. Qd1 Rfe8 14. Bc2 b5 15.
Qd3 b4 16. Nh4 bxc3 17. bxc3 Rec8 18. Bxh6 gxh6 19. Nh5 Qd8 20. Re3 Ne4 21.
Rxe4 dxe4 22. Qe3 Qg5 0-1

[Event "Open Ricany 2006"]
[Site "?"]
[Date "2006.??.??"]
[Round "2.23"]
[White "Fojtu, Jan"]
[Black "Plhacek, Vaclav"]
[Result "1-0"]
[WhiteElo "2014"]
[BlackElo "1880"]
[PlyCount "108"]
[EventDate "2006.??.??"]

1. e4 d6 2. d4 Nf6 3. f3 e6 4. Be3 Be7 5. c4 c6 6. Nc3 e5 7. Nge2 Nbd7 8. b4
exd4 9. Nxd4 Ne5 10. b5 c5 11. Nf5 Bxf5 12. exf5 Qd7 13. Nd5 O-O 14. Be2 Rfe8
15. O-O Qc8 16. a4 Nxd5 17. Qxd5 Qc7 18. Rad1 Rad8 19. f4 Nd7 20. Bf3 Nb6 21.
Qd3 Bf8 22. Bc1 f6 23. Qb3 Qf7 24. a5 Kh8 25. Bd5 Nxd5 26. Rxd5 Re2 27. Qf3 Qe7
28. Rfd1 Re1+ 29. Kf2 Rxd1 30. Rxd1 Re8 31. Be3 Qe4 32. Qxe4 Rxe4 33. Rc1 g6
34. fxg6 hxg6 35. Kf3 f5 36. h4 Kg7 37. h5 Be7 38. hxg6 Kxg6 39. g4 Bf8 40. g5
Kf7 41. a6 b6 42. Bd2 Be7 43. Rc2 Ke6 44. Bc1 d5 45. cxd5+ Kxd5 46. Bb2 Bd6 47.
g6 Rxf4+ 48. Ke3 Rg4 49. g7 Be5 50. Rd2+ Ke6 51. Bxe5 Kxe5 52. Rd7 f4+ 53. Kf2
c4 54. Rxa7 54... c3 {Dale necitelne.} 1-0

[Event "Open Ricany 2006"]
[Site "?"]
[Date "2006.??.??"]
[Round "2.4"]
[White "Koper, Stefan"]
[Black "Kojetsky, Pavel"]
[Result "1-0"]
[WhiteElo "2058"]
[BlackElo "2168"]
[PlyCount "84"]
[EventDate "2006.??.??"]

1. d4 Nf6 2. c4 d6 3. Nc3 g6 4. e4 Bg7 5. Nge2 O-O 6. Ng3 Nbd7 7. Be2 e5 8. d5
Ne8 9. h4 Bf6 10. h5 Bg5 11. hxg6 fxg6 12. Bf3 Rf7 13. Bd2 Bf4 14. Nce2 Bxd2+
15. Qxd2 Ndf6 16. Qg5 Ng7 17. O-O-O Bd7 18. Nc3 Qc8 19. Rd2 a6 20. Qe3 Bg4 21.
Bd1 Bxd1 22. Nxd1 Qg4 23. Qd3 Ngh5 24. Ne3 Qg5 25. Nxh5 Nxh5 26. f3 Ng3 27. Re1
Rf4 28. Kb1 Rh4 29. c5 Qe7 30. cxd6 cxd6 31. Rc2 Rd8 32. Rec1 Rh1 33. Rxh1 Nxh1
34. Ng4 h5 35. Ne3 Ng3 36. a3 Kg7 37. Qc3 Kh6 38. Qb4 Rd7 39. Nc4 b5 40. Na5
Rc7 41. Qd2+ Kg7 42. Qb4 Qh4 1-0

[Event "Open Ricany 2006"]
[Site "?"]
[Date "2006.??.??"]
[Round "2.9"]
[White "Bernath, Stefan"]
[Black "Fojtu, Petr"]
[Result "0-1"]
[WhiteElo "1967"]
[BlackElo "2121"]
[PlyCount "61"]
[EventDate "2006.??.??"]

1. e4 c5 2. Nf3 d6 3. d4 cxd4 4. Nxd4 Nf6 5. Nc3 e6 6. Bc4 a6 7. Bb3 Nbd7 8.
Qe2 Nc5 9. f3 Be7 10. Be3 O-O 11. O-O-O Qc7 12. g4 Nxb3+ 13. axb3 b5 14. g5 Nd7
15. h4 b4 16. Na4 Nc5 17. Qh2 Nxa4 18. bxa4 b3 19. Nxb3 Rb8 20. Kb1 Qb7 21. a5
Bd7 22. Bb6 e5 23. Nc1 Rfc8 24. Qe2 Rc6 25. Rd3 Bd8 26. Rb3 Be6 27. Rb4 Bxb6
28. Rxb6 Rxb6 29. axb6 Qxb6 30. Qd1 Kf8 31. Rh2 0-1

[Event "Open Ricany 2006"]
[Site "?"]
[Date "2006.??.??"]
[Round "2.18"]
[White "Vlcek, Jan"]
[Black "Havelka, Petr"]
[Result "0-1"]
[WhiteElo "1673"]
[BlackElo "2019"]
[PlyCount "120"]
[EventDate "2006.??.??"]

1. e4 d6 2. d4 Nf6 3. Nc3 g6 4. Nf3 Bg7 5. Bc4 O-O 6. O-O Nxe4 7. Nxe4 d5 8.
Bd3 dxe4 9. Bxe4 Nd7 10. c3 Nf6 11. Bc2 Bg4 12. h3 Bxf3 13. Qxf3 c6 14. Bf4 Qb6
15. b3 Nd5 16. Be5 Bxe5 17. dxe5 Qc5 18. Be4 Nb6 19. Qg3 Nd7 20. e6 fxe6 21.
Bxg6 Qe5 22. Qxe5 Nxe5 23. Bc2 Nf7 24. Rfe1 e5 25. Rad1 Rad8 26. f3 Rxd1 27.
Rxd1 Rd8 28. Rxd8+ Nxd8 29. Bf5 e6 30. Bd3 Kg7 31. Kf2 Nf7 32. Kg3 Nd6 33. Kg4
Ne8 34. c4 Nf6+ 35. Kg5 h6+ 36. Kh4 c5 37. g4 b6 38. g5 Ne8 39. Kh5 hxg5 40.
Kxg5 Nd6 41. Bg6 Nc8 42. h4 Ne7 43. Be4 Ng8 44. h5 Nh6 45. Bg6 Ng8 46. Be8 Nh6
47. a3 a6 48. b4 a5 49. bxc5 bxc5 50. a4 Nf5 51. Bd7 Nd4 52. Kg4 Kf6 53. Be8
Nf5 54. Bg6 Ne3+ 55. Kh4 Nxc4 56. Be4 Nd6 57. Bc2 Nf5+ 58. Bxf5 exf5 59. Kg3
Kg5 60. Kf2 Kxh5 0-1

[Event "Open Ricany 2006"]
[Site "?"]
[Date "2006.??.??"]
[Round "2.2"]
[White "Vojta, Tomas"]
[Black "Simecek, Bohumil"]
[Result "1-0"]
[WhiteElo "2091"]
[BlackElo "2303"]
[PlyCount "87"]
[EventDate "2006.??.??"]

1. e4 d5 2. exd5 Nf6 3. Bb5+ Bd7 4. Be2 Nxd5 5. d4 Bf5 6. Nf3 e6 7. O-O Be7 8.
a3 O-O 9. c4 Nb6 10. Be3 Nc6 11. Qd2 Bf6 12. Rd1 Qe7 13. Nc3 Rfd8 14. c5 Nd5
15. Bb5 Bg4 16. Bxc6 bxc6 17. Qe2 Rab8 18. Rd2 Rb3 19. h3 Bxf3 20. Qxf3 Rdb8
21. Nxd5 cxd5 22. Qe2 c6 23. Bf4 R8b5 24. Rc1 Qb7 25. Rcc2 Qd7 26. g3 Qb7 27.
Kg2 a5 28. h4 a4 29. h5 Qe7 30. h6 g6 31. Rd3 Qb7 32. Rxb3 Rxb3 33. Qd2 Bd8 34.
Qe2 Bf6 35. Rd2 Qb5 36. Qe1 Qa5 37. Qd1 Qb5 38. Qc2 Bd8 39. Qd1 Bf6 40. g4 Qc4
41. g5 Be7 42. Be3 Qb5 43. Qe1 Qa5 44. Bf4 1-0

[Event "Open Ricany 2006"]
[Site "?"]
[Date "????.??.??"]
[Round "3.1"]
[White "Balhar, Jan"]
[Black "Koper, Stefan"]
[Result "1-0"]
[WhiteElo "2311"]
[BlackElo "2058"]
[PlyCount "67"]

1. d4 g6 2. e4 Bg7 3. Nf3 d5 4. exd5 Qxd5 5. c4 Qd8 6. h3 c5 7. d5 Nh6 8. Nc3
Nf5 9. Bd3 O-O 10. O-O Na6 11. a3 Nc7 12. Bf4 Ne8 13. Qd2 Nd4 14. Nxd4 Bxd4 15.
Bh6 Bg7 16. Bxg7 Kxg7 17. Ne4 b6 18. b4 Nd6 19. bxc5 Nxe4 20. Bxe4 Bb7 21. c6
Ba6 22. Qd4+ f6 23. Bf3 e5 24. Qc3 Qd6 25. Rfd1 Rac8 26. Qb4 Rcd8 27. Qa4 Bc8
28. Qxa7+ Rf7 29. Qxb6 f5 30. c5 Qf6 31. c7 Qxb6 32. cxb6 Rd6 33. Rab1 e4 34.
b7 1-0

[Event "Open Ricany 2006"]
[Site "?"]
[Date "????.??.??"]
[Round "3.14"]
[White "Sochorova, Jana"]
[Black "Skacel, Jan"]
[Result "1/2-1/2"]
[WhiteElo "1761"]
[BlackElo "2109"]
[PlyCount "38"]

1. Nf3 Nf6 2. d4 g6 3. c4 Bg7 4. Nc3 d5 5. cxd5 Nxd5 6. e4 Nxc3 7. bxc3 O-O 8.
Bc4 c5 9. O-O Bg4 10. e5 Nc6 11. Be3 Rc8 12. Be2 Qd7 13. Qd2 Rfd8 14. Rfd1 Qf5
15. Qb2 cxd4 16. cxd4 b6 17. Rac1 Na5 18. Ne1 Bxe2 19. Qxe2 Qd7 1/2-1/2

[Event "Open Ricany 2006"]
[Site "?"]
[Date "????.??.??"]
[Round "3.29"]
[White "Novak, Jindrich"]
[Black "Svitak, David"]
[Result "1-0"]
[WhiteElo "1966"]
[BlackElo "1803"]
[PlyCount "82"]

1. d3 e6 2. g4 Be7 3. Bg2 Nc6 4. f4 d5 5. Nf3 Nh6 6. g5 Nf5 7. e4 dxe4 8. dxe4
Qxd1+ 9. Kxd1 Nd6 10. Re1 Bd7 11. c3 O-O-O 12. Kc2 Rhe8 13. a4 Bf8 14. Na3 e5
15. f5 Na5 16. Nb5 a6 17. Nxd6+ Bxd6 18. b3 f6 19. h4 Rh8 20. b4 Nc6 21. b5 Ne7
22. bxa6 bxa6 23. Bf1 a5 24. Be3 Bc6 25. Ba6+ Kd7 26. Bb5 Kc8 27. Bxc6 Nxc6 28.
Nd2 Be7 29. Rg1 Rd7 30. gxf6 gxf6 31. Rg2 Bf8 32. Rd1 Ne7 33. Nb3 Kd8 34. Rxd7+
Kxd7 35. h5 Kc8 36. h6 Rg8 37. Rxg8 Nxg8 38. Kd3 Kd7 39. Kc4 Ke8 40. Kb5 Kd7
41. Bc5 41... Ne7 {dale necitelne} 1-0

[Event "Open Ricany 2006"]
[Site "?"]
[Date "????.??.??"]
[Round "3.19"]
[White "Tejkal, Jiri"]
[Black "Matejovsky, Ondrej"]
[Result "1/2-1/2"]
[WhiteElo "2034"]
[BlackElo "2081"]
[PlyCount "40"]

1. d4 Nf6 2. Nf3 e6 3. c4 Bb4+ 4. Bd2 Qe7 5. a3 Bxd2+ 6. Qxd2 d5 7. e3 Ne4 8.
Qc2 O-O 9. Nc3 Nxc3 10. Qxc3 c6 11. Be2 Nd7 12. Rc1 Nf6 13. Nd2 Re8 14. f4 dxc4
15. Bxc4 Nd5 16. Qb3 g5 17. O-O gxf4 18. exf4 Qf6 19. Qd3 Qg6 20. Qf3 Kh8
1/2-1/2

[Event "Open Ricany 2006"]
[Site "?"]
[Date "2006.??.??"]
[Round "3.23"]
[White "Hrubant, Ivan"]
[Black "Vlcek, Jan"]
[Result "0-1"]
[WhiteElo "2133"]
[BlackElo "1673"]
[PlyCount "72"]
[EventDate "2006.??.??"]

1. d4 Nf6 2. c4 d6 3. Nc3 g6 4. e4 Nc6 5. f4 Bg7 6. Nf3 O-O 7. Be2 Kh8 8. O-O
Ng8 9. e5 Bf5 10. Be3 h5 11. Nh4 Nh6 12. Bxh5 e6 13. Nxf5 Nxf5 14. Bf2 dxe5 15.
dxe5 Qxd1 16. Bxd1 Rad8 17. Ne4 b6 18. Rc1 Nb4 19. a3 Nd3 20. Rc2 Nxf4 21. g4
Nh3+ 22. Kg2 Nxf2 23. Kxf2 Nd4 24. Rc3 Bxe5 25. g5 Nf5 26. Rh3+ Kg7 27. b3 Rd4
28. Bc2 Rfd8 29. Ke2 Nd6 30. Nxd6 R8xd6 31. Rhf3 Rd7 32. Bd3 Bxh2 33. Rh1 Bf4
34. Rfh3 Bxg5 35. Rh7+ Kf6 36. R1h3 e5 0-1

[Event "Open Ricany 2006"]
[Site "?"]
[Date "2006.??.??"]
[Round "3.20"]
[White "Skala, Jaromir"]
[Black "Moravec, Vit"]
[Result "1-0"]
[WhiteElo "2079"]
[BlackElo "1619"]
[PlyCount "57"]
[EventDate "2006.??.??"]

1. e4 c5 2. Nf3 d6 3. d4 cxd4 4. Qxd4 Nc6 5. Bb5 Bd7 6. Bxc6 Bxc6 7. c4 Nf6 8.
Nc3 e6 9. Bg5 Be7 10. O-O O-O 11. Rfe1 Qc7 12. Rad1 Rfd8 13. h3 b6 14. Qe3 Qb7
15. Nd4 Be8 16. b3 a6 17. a4 h6 18. Bxh6 gxh6 19. Qxh6 Nh7 20. Re3 Bf8 21. Rg3+
Kh8 22. Qh4 Qe7 23. Qg4 Nf6 24. Qg5 Kh7 25. Nf5 exf5 26. Nd5 Bd7 27. Nxf6+ Qxf6
28. Qxf6 Be6 29. Rg5 1-0

[Event "Open Ricany 2006"]
[Site "?"]
[Date "????.??.??"]
[Round "3.18"]
[White "Mazoch, Jiri"]
[Black "Ruzicka, Vaclav"]
[Result "1-0"]
[WhiteElo "2090"]
[BlackElo "1700"]
[PlyCount "75"]

1. d4 d5 2. Nf3 Nf6 3. c4 c6 4. e3 Bf5 5. Nbd2 e6 6. Be2 Nbd7 7. O-O Qc7 8. b3
Ne4 9. Bb2 Ndf6 10. a3 Bd6 11. Nxe4 Bxe4 12. Ne5 Bxe5 13. dxe5 Nd7 14. f3 Bg6
15. cxd5 cxd5 16. Rc1 Qd8 17. Qd2 O-O 18. Rfd1 Nb6 19. Bd4 h6 20. Bb5 a6 21.
Bf1 Nd7 22. Qb4 a5 23. Qa4 f6 24. exf6 gxf6 25. Qb5 Be8 26. Qxb7 Rb8 27. Qa6
Rxb3 28. Qxe6+ Bf7 29. Qg4+ Kh8 30. Qf4 Kh7 31. Qf5+ Kh8 32. Bd3 Bg8 33. Rc6
Rf7 34. Qh3 Qf8 35. Bf5 Rb7 36. Be6 Rh7 37. Bxd7 Rbxd7 38. Rxf6 1-0

[Event "Open Ricany 2006"]
[Site "?"]
[Date "????.??.??"]
[Round "?.9"]
[White "Kojetsky, Pavel"]
[Black "Fojtu, Jan"]
[Result "0-1"]
[WhiteElo "2168"]
[BlackElo "2014"]
[PlyCount "60"]

1. e4 c5 2. Nf3 Nc6 3. d4 cxd4 4. Nxd4 Nf6 5. Nc3 e5 6. Nde2 Bc5 7. Be3 Bxe3 8.
fxe3 O-O 9. Qd2 a6 10. O-O-O b5 11. Ng3 Na5 12. Nd5 Nc4 13. Bxc4 bxc4 14. Qc3
d6 15. Nxf6+ Qxf6 16. Rhf1 Qe7 17. Nf5 Bxf5 18. exf5 Qc7 19. e4 f6 20. Rd5 Rab8
21. Rfd1 Rb6 22. Ra5 Rfb8 23. b3 Rc8 24. b4 Qb8 25. Rdd5 Rxb4 26. Kd2 Qb6 27.
Ke2 Rb1 28. Ra4 Qg1 29. Kf3 Rf1+ 30. Kg3 Rf2 0-1

[Event "Open Ricany 2006"]
[Site "?"]
[Date "????.??.??"]
[Round "?.7"]
[White "Havelka, Petr"]
[Black "Prochazka, Petr"]
[Result "1/2-1/2"]
[WhiteElo "2019"]
[BlackElo "2011"]
[PlyCount "24"]

1. d4 d5 2. c4 Nc6 3. e3 e5 4. dxe5 d4 5. a3 Bf5 6. Nf3 dxe3 7. Qxd8+ Rxd8 8.
Bxe3 f6 9. exf6 Nxf6 10. Nc3 Bd6 11. Be2 O-O 12. O-O Ng4 1/2-1/2

[Event "Open Ricany 2006"]
[Site "?"]
[Date "????.??.??"]
[Round "?.6"]
[White "Sodoma, Jan"]
[Black "Macku , Emil"]
[Result "1/2-1/2"]
[WhiteElo "2285"]
[BlackElo "1886"]
[PlyCount "37"]

1. d4 Nf6 2. c4 e6 3. g3 d5 4. Bg2 b6 5. Nf3 Bb7 6. Ne5 Nfd7 7. Qa4 c6 8. Nxd7
Qxd7 9. Nc3 Be7 10. Bf4 a6 11. O-O b5 12. cxb5 cxb5 13. Qc2 Nc6 14. Rfd1 O-O
15. a3 Bf6 16. Be3 Rac8 17. b4 Ne7 18. Qd3 Rc4 19. Rac1 1/2-1/2